000 00441nam a2200181Ia 4500
001 15364
005 20260306170150.0
008 260306t1999||||xx |||||||||||||| ||und||
041 _aESP
082 _a536.2
_bI47
100 _aIncropera, Frank P.
_eAUT
245 0 _aFundamentos de transferencia de calor
260 _c1999
300 _axxiii, 886 páginas :
_c26 cm.
650 _aGEN
654 _aCCN
942 _cLIB
_dJUS
_fJUS
_2ddc
_n
999 _c15364
_d15364